000 00940nam a22003017a 4500
003 CHAP
005 20220329135404.0
008 971013s1981 r 00010 d
010 _a35512
011 _a36484
035 _a40603
040 _cCHAP
090 _aFolleto 7026
110 _aMéxico. Secretaría de Agricultura y Recursos Hidráulicos. Representación Durango
_977138
245 _aEstablece tu almácigo
260 _a(Durango, Dgo.) :
_bLa Secretaría,
_c(1981?)
300 _as.p.
_b: ilus
490 _aDivulgación
_v; 1981
590 _aBATCH-UPD
_b10
_c20130110
_lUCH01
_h0935
590 _aBATCH-UPD
_b10
_c20130410
_lUCH01
_h0553
590 _aBATCH-UPD
_b10
_c20130914
_lUCH01
_h1210
590 _aCONVERSION
_b10
_c20130109
_lUCH01
_h1320
650 1 4 _aPlántulas.
_989193
830 0 _aDivulgación
_v; 1981
_933038
901 _aBK
942 _cFOLL
949 _aFolleto 7026
_bBC
_cFOLL
_d-92804
_eTS1
_i40603
_mD
_si
999 _c35512
_d35512